Statistics for Africa Geography by Letter - M

Click here to take the quiz!

General Stats

  • This quiz has been taken 111 times
  • The average score is 15 of 20

Answer Stats

HintAnswer% Correct
Country and fourth largest island in the worldMadagascar
98%
90% of this country is within the Sahara DesertMauritania
98%
Island country with a majority Indian population, but with several significant minority groupsMauritius
98%
Country which was once ruled by Mansa MusaMali
97%
Capital and largest city of SomaliaMogadishu
96%
Country which shares a name with the ninth largest lake in the world, which makes up its eastern borderMalawi
94%
Country with a Kalashnikov rifle on its flagMozambique
94%
Country which is one of three monarchies in AfricaMorocco
92%
Capital and largest city of LiberiaMonrovia
91%
Capital city of the above countryMaputo
84%
Western part of the Arab world, which includes the two above countries, Tunisia, Algeria, and LibyaMaghreb
78%
One of two capital cities of EswatiniMbabane
75%
Capital of Equatorial Guinea; located on the island of BiokoMalabo
73%
Capital and largest city of ComorosMoroni
73%
Portuguese archipelago where Cristiano Ronaldo is fromMadeira
71%
Capital and largest city of LesothoMaseru
71%
Spanish city in North AfricaMelilla
59%
French overseas region which decided not to join ComorosMayotte
57%
Contrasting word which refers to the eastern part of the Arab world, including Egypt, Sudan, and the Arabian peninsulaMashriq
10%
Tallest mountain in the above countryMount Mulanje
7%

Score Distribution

Percentile by Number Answered

Percent of People with Each Score

Your Score History

You have not taken this quiz